| 000 | 00438pab a2200157 454500 | ||
|---|---|---|---|
| 008 | 180718b2011 xxu||||| |||| 00| 0 eng d | ||
| 100 | _aLeelavathi, B. et al | ||
| 245 | _aEffect of circle games on development of social skills among children with deaf blindness | ||
| 260 | _c2011 | ||
| 300 | _ap.169-180. | ||
| 362 | _aApr | ||
| 650 | _aDisabled children | ||
| 773 | _aIndian Journal of Social Work | ||
| 908 | _aN | ||
| 909 | _a92964 | ||
| 999 |
_c92964 _d92964 |
||